01960nam a22001817a 4500003000200000005001700002020001800019082001300037100002500050245001900075260003800094300001100132520146500143650004001608942000601648952010501654999001901759020260429181159.0 a9788198105059 aH IND R  aIndori, Rahat919009 aMai Zinda Hoon aNoida bRekhta Publication c2025 a612p.  aRahat Indori's poetic style is known for its boldness, simplicity, and emotional intensity. His ghazals often revolve around themes of love, social issues, and patriotism. Filled with deep emotions and a strong connection to the common man, his poetry is widely appreciated by the masses. Despite its simplicity, his writing was impactful, conveying profound meanings in straightforward words. Rahat Indori primarily wrote in the traditional ghazal form, a significant genre of Urdu poetry, but he added a contemporary twist to it. His ghazals often reflected a modern perspective and addressed contemporary issues. His work continues to inspire readers and audiences worldwide. Rahat Indori’s full name was Rahatullah Qureshi. He was born on January 1, 1950, in Indore. His father’s name was Rifatullah Qureshi, and his mother’s name was Maqbool-un-Nisa Begum. He earned a B.A. degree in Urdu from Devi Ahilya University, Indore, an M.A. in Urdu Literature from Awadh University, and a Ph.D. (on Urdu Mushaira) from M.P. Bhoj University. For 16 years, he served as a professor of Urdu literature at I.K. College, Devi Ahilya University, Indore. He was also the editor of the Urdu quarterly magazine Shaakhein for 10 years. Several researchers in Indian and Pakistani universities have completed their Ph.D. degrees on Dr. Rahat Indori's life and works. His ghazals are included in the Urdu curriculum for classes 9 and 11 of the Maharashtra State Board. aHindi Poetry aRahat Indori 919010 cB 00104070aLBSNAAbLBSNAAd2026-04-29g999.00l0oH IND R p181874r2026-04-29w2026-04-29yB0x2 c360816d360816